<?xml version="1.0" encoding="UTF-8"?>
<record
    xmlns:xsi="http://www.w3.org/2001/XMLSchema-instance"
    xsi:schemaLocation="http://www.loc.gov/MARC21/slim http://www.loc.gov/standards/marcxml/schema/MARC21slim.xsd"
    xmlns="http://www.loc.gov/MARC21/slim">

  <leader>01432njm a22002897a 4500</leader>
  <controlfield tag="005">2010090800250.0</controlfield>
  <controlfield tag="006">a|||||r|||||00| 0 </controlfield>
  <controlfield tag="007">sd ammalaaahaa</controlfield>
  <controlfield tag="008">100901t        xxu||||| |||| 00| 0 eng d</controlfield>
  <datafield tag="028" ind1=" " ind2=" ">
    <subfield code="a">N-54771</subfield>
    <subfield code="b">His Master 's Voice</subfield>
  </datafield>
  <datafield tag="035" ind1=" " ind2=" ">
    <subfield code="a">GR-01399</subfield>
  </datafield>
  <datafield tag="040" ind1=" " ind2=" ">
    <subfield code="a">SED</subfield>
    <subfield code="c">SED</subfield>
  </datafield>
  <datafield tag="100" ind1=" " ind2=" ">
    <subfield code="a">Suman Kalyan pur </subfield>
    <subfield code="9">17816</subfield>
  </datafield>
  <datafield tag="245" ind1=" " ind2=" ">
    <subfield code="a">Fylaing circus/</subfield>
    <subfield code="h">[Gramophone Recoding] : </subfield>
    <subfield code="b"> </subfield>
    <subfield code="c">by Suman Kalyan pur ,Kamal Barot</subfield>
  </datafield>
  <datafield tag="246" ind1=" " ind2=" ">
    <subfield code="a">&#x92B;&#x94D;&#x932;&#x92F;&#x947;&#x902;&#x917; &#x938;&#x93F;&#x930;&#x94D;&#x91A;&#x941;&#x938; (&#x938;&#x941;&#x92E;&#x928;  &#x915;&#x932;&#x94D;&#x92F;&#x93E;&#x923; &#x92A;&#x941;&#x930; )(,&#x915;&#x92E;&#x932;  &#x92C;&#x93E;&#x930;&#x94B;&#x91F; )</subfield>
  </datafield>
  <datafield tag="260" ind1=" " ind2=" ">
    <subfield code="a">Dum Dum, India:</subfield>
    <subfield code="b">His Master 's Voice</subfield>
  </datafield>
  <datafield tag="300" ind1=" " ind2=" ">
    <subfield code="a">1 sound Disc [GramaphoneRecording] :</subfield>
    <subfield code="b">analog, 33 1/3 rpm ;</subfield>
    <subfield code="c">9.5 in (MP)</subfield>
    <subfield code="f">Gramaphone Records</subfield>
  </datafield>
  <datafield tag="500" ind1=" " ind2=" ">
    <subfield code="a">Brief Record</subfield>
  </datafield>
  <datafield tag="505" ind1=" " ind2=" ">
    <subfield code="a"> Part &#x967;  &#x91C;&#x93E;&#x928; &#x926;&#x947; &#x926;&#x947;&#x902;&#x917;&#x947;  (&#x92B;&#x94D;&#x932;&#x92F;&#x947;&#x902;&#x917; &#x938;&#x93F;&#x930;&#x94D;&#x91A;&#x941;&#x938; )(&#x938;&#x941;&#x92E;&#x928;  &#x915;&#x932;&#x94D;&#x92F;&#x93E;&#x923; &#x92A;&#x941;&#x930; )(,&#x915;&#x92E;&#x932;  &#x92C;&#x93E;&#x930;&#x94B;&#x91F; ) Part 1 Jan de denge( Flyaing circus)(Suman Kalyan pur ,Kamal Barot)&#x92A;&#x93E;&#x930;&#x94D;&#x91F;  &#x968;  &#x932;&#x917;  &#x917;&#x92F;&#x93E;  &#x930;&#x947;  &#x932;&#x917;  &#x917;&#x92F;&#x93E;   Part 2 Lag gaya re lag gaya </subfield>
  </datafield>
  <datafield tag="650" ind1=" " ind2=" ">
    <subfield code="a">Motion Picture Music</subfield>
    <subfield code="x">Excerpts</subfield>
    <subfield code="z">India</subfield>
    <subfield code="9">17817</subfield>
  </datafield>
  <datafield tag="700" ind1=" " ind2=" ">
    <subfield code="9">17836</subfield>
    <subfield code="a">Suman Kalyan pur</subfield>
  </datafield>
  <datafield tag="700" ind1=" " ind2=" ">
    <subfield code="a">Kamal Barot</subfield>
    <subfield code="9">18977</subfield>
  </datafield>
  <datafield tag="700" ind1=" " ind2=" ">
    <subfield code="a">Robin</subfield>
    <subfield code="9">18937</subfield>
  </datafield>
  <datafield tag="700" ind1=" " ind2=" ">
    <subfield code="a">Yogesh</subfield>
    <subfield code="9">18986</subfield>
  </datafield>
  <datafield tag="942" ind1=" " ind2=" ">
    <subfield code="2">ddc</subfield>
    <subfield code="c">GR</subfield>
  </datafield>
  <datafield tag="999" ind1=" " ind2=" ">
    <subfield code="c">44584</subfield>
    <subfield code="d">44584</subfield>
  </datafield>
  <datafield tag="952" ind1=" " ind2=" ">
    <subfield code="0">0</subfield>
    <subfield code="1">0</subfield>
    <subfield code="2">ddc</subfield>
    <subfield code="4">0</subfield>
    <subfield code="7">1</subfield>
    <subfield code="8">NFIC</subfield>
    <subfield code="a">L</subfield>
    <subfield code="b">L</subfield>
    <subfield code="d">2010-09-08</subfield>
    <subfield code="e">SED/VEN</subfield>
    <subfield code="l">0</subfield>
    <subfield code="p">GR-01399</subfield>
    <subfield code="r">2010-09-08 00:00:00</subfield>
    <subfield code="t">1</subfield>
    <subfield code="w">2010-09-08</subfield>
    <subfield code="y">GR</subfield>
  </datafield>
</record>
